Опытно-промышленное опробование влияния микродобавок магния и марганца на процесс укрупнения кристаллов сульфата аммония в сатураторе; Известия Томского политехнического института [Известия ТПИ]; Т. 257 : Неорганическая химия и химическая технология
| Parent link: | Известия Томского политехнического института [Известия ТПИ]/ Томский политехнический институт (ТПИ).— , 1944-1976 Т. 257 : Неорганическая химия и химическая технология.— 1973.— [С. 141-147] |
|---|---|
| Autore principale: | |
| Altri autori: | , |
| Riassunto: | Заглавие с титульного листа Электронная версия печатной публикации |
| Lingua: | russo |
| Pubblicazione: |
1973
|
| Soggetti: | |
| Accesso online: | Черно-белая версия для предварительного просмотра Цветная версия без потери качества |
| Natura: | MixedMaterials Elettronico Capitolo di libro |
| KOHA link: | https://koha.lib.tpu.ru/cgi-bin/koha/opac-detail.pl?biblionumber=230219 |
MARC
| LEADER | 00000nla2a2200000 4500 | ||
|---|---|---|---|
| 001 | 230219 | ||
| 005 | 20231031202518.0 | ||
| 035 | |a (RuTPU)RU\TPU\book\250970 | ||
| 035 | |a RU\TPU\book\250969 | ||
| 090 | |a 230219 | ||
| 100 | |a 20130118d1973 k y0rusy50 ca | ||
| 101 | 0 | |a rus | |
| 102 | |a RU | ||
| 135 | |a drnn ---uucaa | ||
| 181 | 0 | |a i | |
| 182 | 0 | |a b | |
| 200 | 1 | |a Опытно-промышленное опробование влияния микродобавок магния и марганца на процесс укрупнения кристаллов сульфата аммония в сатураторе |b Электронный ресурс |f И. Н. Ножкина, Л. М. Житкова, В. М. Витюгин | |
| 203 | |a Текст |c электронный | ||
| 215 | |a 2 файла (312 Кб, 7.2 Мб) | ||
| 230 | |a Электронные текстовые данные (2 файла : 312 Кб, 7.2 Мб) | ||
| 300 | |a Заглавие с титульного листа | ||
| 300 | |a Электронная версия печатной публикации | ||
| 320 | |a [Библиогр.: с. 146-147 (5 назв.)] | ||
| 337 | |a Adobe Reader | ||
| 461 | 1 | |0 (RuTPU)RU\TPU\book\200995 |t Известия Томского политехнического института [Известия ТПИ] |f Томский политехнический институт (ТПИ) |d 1944-1976 | |
| 463 | 1 | |0 (RuTPU)RU\TPU\book\250835 |t Т. 257 : Неорганическая химия и химическая технология |v [С. 141-147] |d 1973 |p 256 с. | |
| 610 | 1 | |a электронный ресурс | |
| 610 | 1 | |a труды учёных ТПУ | |
| 700 | 1 | |a Ножкина |b И. Н. | |
| 701 | 1 | |a Житкова |b Л. М. | |
| 701 | 1 | |a Витюгин |b В. М. |c российский химик-технолог |c зав. кафедрой общей химической технологии Томского политехнического института |f 1927-1989 |g Виктор Моисеевич |2 stltpush |3 (RuTPU)RU\TPU\pers\12387 | |
| 801 | 1 | |a RU |b 63413507 |c 20090320 |g PSBO | |
| 801 | 2 | |a RU |b 63413507 |c 20130412 |g PSBO | |
| 856 | 4 | |u http://www.lib.tpu.ru/fulltext/v/Bulletin_TPU/1973/v257/29_bw.pdf |z Черно-белая версия для предварительного просмотра | |
| 856 | 4 | |u http://www.lib.tpu.ru/fulltext/v/Bulletin_TPU/1973/v257/29_full.pdf |z Цветная версия без потери качества | |
| 942 | |c CF | ||